000 00199 a2200109 4500
020 _a9780545274135
041 _aspa
100 _aMcCoy, Mimi
245 _aAstrologica
942 _cBK
999 _c8470
_d8470
999 _d8470